[Event "NK senioren en veteranen 2015"]
[Site "Oosterbeek, Netherlands"]
[Date "2015.07.07"]
[Round "4"]
[White "Holscher, Peter"]
[Black "Van Leeuwen, Etienne"]
[Result "0-1"]
[WhiteElo "1979"]
[BlackElo "2032"]
[PlyCount "62"]
[EventDate "2015.??.??"]

1. d4 Nf6 2. Nf3 g6 3. g3 Bg7 4. Bg2 d5 5. c4 O-O 6. Nc3 c6 7. Qb3 dxc4 8. Qxc4
Nbd7 9. O-O Nb6 10. Qd3 Be6 11. Ne5 Nfd7 12. Nxd7 Qxd7 13. Rd1 Rfd8 14. e3 Rac8
15. Qc2 Bh3 16. Bd2 Bxg2 17. Kxg2 Nd5 18. Ne4 b6 19. b4 Nf6 20. Nc3 c5 21. dxc5
bxc5 22. b5 Nd5 23. a4 Qb7 24. Kg1 Nb4 25. Qb3 Nd3 26. Be1 Ne5 27. f4 Nf3+ 28.
Kf2 Nxh2 29. Ra2 Qh1 30. Rxd8+ Rxd8 31. Qc4 Ng4+ 0-1

[Event "NK senioren en veteranen 2015"]
[Site "Oosterbeek, Netherlands"]
[Date "2015.07.07"]
[Round "4"]
[White "Reulink, Fred"]
[Black "Caljé, Tom"]
[Result "1-0"]
[WhiteElo "2025"]
[BlackElo "1983"]
[PlyCount "45"]
[EventDate "2015.??.??"]

1. c4 f5 2. Nc3 Nf6 3. g3 e5 4. Bg2 d6 5. d3 Be7 6. e3 O-O 7. Nge2 c6 8. O-O
Be6 9. b3 a5 10. d4 Qc7 11. Bb2 Nbd7 12. Rc1 Bf7 13. a3 Bh5 14. Qd2 g5 15. d5
c5 16. f4 gxf4 17. exf4 e4 18. Nd1 Ne8 19. Ne3 Bg6 20. g4 Bf6 21. gxf5 Bxb2 22.
Qxb2 Bh5 23. Ng3 1-0

[Event "NK senioren en veteranen 2015"]
[Site "Oosterbeek, Netherlands"]
[Date "2015.07.07"]
[Round "4"]
[White "Markus, John"]
[Black "Pluymert, Piet"]
[Result "0-1"]
[WhiteElo "2095"]
[BlackElo "1975"]
[PlyCount "72"]
[EventDate "2015.??.??"]

1. d4 Nf6 2. Nf3 d6 3. c4 c5 4. d5 b5 5. Qc2 bxc4 6. e4 g6 7. Bxc4 Bg7 8. Nc3
O-O 9. O-O Nfd7 10. Bf4 Nb6 11. Be2 Na6 12. Rad1 Nb4 13. Qd2 Re8 14. a3 Na6 15.
e5 Nc7 16. b3 Bb7 17. Bc4 Nxc4 18. bxc4 Ba6 19. Qa2 Qd7 20. Rfe1 Rab8 21. h3
Rb6 22. Re2 Reb8 23. Ne4 Ne8 24. e6 fxe6 25. Nxc5 dxc5 26. Bxb8 Rxb8 27. Ng5
Qa4 28. Rc2 Rb2 29. Rxb2 Qxd1+ 30. Kh2 Qc1 31. Rd2 Bxc4 32. Qc2 Qxc2 33. Rxc2
exd5 34. Ne6 Be5+ 35. g3 Bd6 36. Nd8 Nc7 0-1

[Event "NK senioren en veteranen 2015"]
[Site "Oosterbeek, Netherlands"]
[Date "2015.07.07"]
[Round "4"]
[White "Houweling, Bert"]
[Black "Pols, Leendert"]
[Result "0-1"]
[WhiteElo "2045"]
[BlackElo "1963"]
[PlyCount "82"]
[EventDate "2015.??.??"]

1. e4 e6 2. d4 d5 3. Nd2 Be7 4. Ngf3 Nf6 5. e5 Nfd7 6. Bd3 c5 7. c3 Nc6 8. O-O
Qb6 9. dxc5 Qc7 10. b4 Ncxe5 11. Nxe5 Nxe5 12. Bc2 b6 13. cxb6 axb6 14. Bb2 Bf6
15. Re1 O-O 16. c4 Nf3+ 17. Qxf3 Bxb2 18. Rab1 Bf6 19. Qd3 g6 20. cxd5 exd5 21.
Qxd5 Bb7 22. Qb3 Bc3 23. Red1 Be5 24. h3 Rfd8 25. Ne4 Rxd1+ 26. Rxd1 Re8 27.
Ng5 Kg7 28. f3 h6 29. Ne4 Rd8 30. Nf2 Rxd1+ 31. Bxd1 Qc1 32. Qc2 Qf4 33. Be2
Qxb4 34. Nd3 Qd4+ 35. Kf1 Bf6 36. Qc7 Qa1+ 37. Kf2 Ba6 38. Qc2 Qd4+ 39. Kg3
Bxd3 40. Qxd3 Be5+ 41. f4 Qxf4# 0-1

[Event "NK senioren en veteranen 2015"]
[Site "Oosterbeek, Netherlands"]
[Date "2015.07.07"]
[Round "4"]
[White "Taal, Anne Paul"]
[Black "Etmans, Maarten"]
[Result "1/2-1/2"]
[WhiteElo "1913"]
[BlackElo "1987"]
[PlyCount "137"]
[EventDate "2015.??.??"]

1. d4 e6 2. Nf3 Nf6 3. e3 b6 4. Bd3 Bb7 5. Nbd2 c5 6. O-O cxd4 7. exd4 Be7 8.
Qe2 O-O 9. Ne4 Nxe4 10. Bxe4 Ba6 11. Bd3 Bxd3 12. Qxd3 Nc6 13. c3 d5 14. Re1 h6
15. Bf4 Bd6 16. Bxd6 Qxd6 17. Ne5 Nxe5 18. Rxe5 Rab8 19. Rae1 b5 20. Rh5 f5 21.
b3 a5 22. Qe3 Rf6 23. Rh3 Rc8 24. Qe2 b4 25. Qb5 bxc3 26. Qxa5 Qc6 27. Rc1 c2
28. Qd2 Rf7 29. Re3 Rfc7 30. Qe2 Qb6 31. Rd3 Rc6 32. g3 Qa5 33. a4 Qb4 34. Qd2
Qa3 35. Kg2 Kf7 36. Re3 Qb2 37. Rd3 Rc3 38. Rxc3 Rxc3 39. b4 Rc4 40. b5 Qxd4
41. Qxd4 Rxd4 42. a5 Ra4 43. a6 Ra5 44. Rxc2 Rxb5 45. Ra2 Rb8 46. a7 Ra8 47. f4
g5 48. Kf3 d4 49. Ke2 gxf4 50. gxf4 e5 51. fxe5 Ke6 52. Ra5 f4 53. Kf3 Kf5 54.
e6+ Kxe6 55. Kxf4 Kd6 56. Ke4 Kc6 57. Kxd4 Kb7 58. h4 Rd8+ 59. Ke5 Ka8 60. Ke6
Rf8 61. h5 Rf1 62. Rf5 Rg1 63. Rf6 Kxa7 64. Rxh6 Rh1 65. Kf7 Kb7 66. Kg6 Rg1+
67. Kh7 Rg5 68. Kh8 Kc8 69. Rh7 1/2-1/2

[Event "NK senioren en veteranen 2015"]
[Site "Oosterbeek, Netherlands"]
[Date "2015.07.07"]
[Round "4"]
[White "Van Duijn, Roel"]
[Black "Van Oosten, Arend"]
[Result "1/2-1/2"]
[WhiteElo "2094"]
[BlackElo "2154"]
[PlyCount "56"]
[EventDate "2015.??.??"]

1. e4 e6 2. d4 d5 3. Nd2 Nf6 4. e5 Nfd7 5. Bd3 c5 6. c3 Nc6 7. Ne2 cxd4 8. cxd4
f6 9. exf6 Qxf6 10. Nf3 Bb4+ 11. Nc3 e5 12. Bg5 Qf7 13. dxe5 Ndxe5 14. Nxe5
Nxe5 15. O-O Bxc3 16. bxc3 O-O 17. Be2 Bf5 18. Be3 b6 19. Bd4 Rae8 20. a4 Nc6
21. Bb5 Re6 22. Re1 Rxe1+ 23. Qxe1 Nxd4 24. cxd4 Qg6 25. Rc1 Be4 26. Bf1 h5 27.
Rc3 h4 28. h3 Re8 1/2-1/2

[Event "NK senioren en veteranen 2015"]
[Site "Oosterbeek, Netherlands"]
[Date "2015.07.07"]
[Round "4"]
[White "Goossen, Theo"]
[Black "Schouten, Nico"]
[Result "0-1"]
[WhiteElo "1962"]
[BlackElo "2143"]
[PlyCount "58"]
[EventDate "2015.??.??"]

1. e4 e5 2. Nf3 Nc6 3. Bb5 a6 4. Ba4 Nf6 5. Qe2 d6 6. c3 Be7 7. O-O O-O 8. Rd1
Bd7 9. Bc2 Bg4 10. d3 Ne8 11. Nbd2 g6 12. h3 Be6 13. d4 exd4 14. cxd4 d5 15.
Nf1 Nb4 16. Bb1 dxe4 17. Bxe4 Nd6 18. Bb1 Bf6 19. h4 Re8 20. Qd2 Nd5 21. h5 c6
22. hxg6 fxg6 23. Ng5 Bf5 24. b3 Bxb1 25. Rxb1 Bxg5 26. Qxg5 Qxg5 27. Bxg5 Nc3
28. Ne3 Nde4 29. Bf4 Ne2+ 0-1

[Event "NK senioren en veteranen 2015"]
[Site "Oosterbeek, Netherlands"]
[Date "2015.07.07"]
[Round "4"]
[White "Hoogland, Dirk"]
[Black "Perrenet, Jacob"]
[Result "1-0"]
[WhiteElo "2110"]
[BlackElo "2049"]
[PlyCount "51"]
[EventDate "2015.??.??"]

1. e4 Nc6 2. Nf3 f5 3. exf5 d5 4. Bb5 Bxf5 5. Ne5 Qd6 6. d4 Nf6 7. Nc3 a6 8.
Bxc6+ bxc6 9. O-O Nd7 10. Qf3 e6 11. g4 Nxe5 12. dxe5 Qxe5 13. Bf4 Be4 14. Nxe4
Qxe4 15. Qxe4 dxe4 16. Rfe1 Bc5 17. Rxe4 O-O 18. Bg3 Rab8 19. b3 e5 20. Rc4 Bb6
21. Re1 Rbe8 22. Rxc6 h5 23. gxh5 Rf5 24. h6 gxh6 25. Rxh6 e4 26. Kg2 1-0

[Event "NK senioren en veteranen 2015"]
[Site "Oosterbeek, Netherlands"]
[Date "2015.07.07"]
[Round "4"]
[White "Huysman, Arie"]
[Black "Erwich, Frans"]
[Result "0-1"]
[WhiteElo "2020"]
[BlackElo "1949"]
[PlyCount "106"]
[EventDate "2015.??.??"]

1. e4 c5 2. Nf3 e6 3. c3 d5 4. exd5 Qxd5 5. d4 Nc6 6. Be2 Nf6 7. O-O cxd4 8.
cxd4 Be7 9. Nc3 Qd6 10. Be3 O-O 11. Qb3 b6 12. Rfd1 Bb7 13. h3 Rac8 14. Qa4 Qb4
15. Qc2 Na5 16. Ne5 Nd5 17. Rac1 Nxe3 18. fxe3 f6 19. Nf3 Nc4 20. Bxc4 Qxc4 21.
Qe2 Qxe2 22. Nxe2 Rxc1 23. Rxc1 Rc8 24. Rxc8+ Bxc8 25. Kf2 Bb7 26. a3 Bd6 27.
Nc3 Kf7 28. Nd2 Ke7 29. Nc4 Bc7 30. Nd2 h5 31. Nf3 g5 32. g3 Bxf3 33. Kxf3 f5
34. Nb5 g4+ 35. hxg4 hxg4+ 36. Kg2 Bb8 37. Nc3 Kd6 38. Kf2 Kc6 39. b4 a6 40.
d5+ exd5 41. Ne2 Be5 42. a4 a5 43. bxa5 bxa5 44. Nd4+ Kc5 45. Nxf5 Kb4 46. Nh6
Kxa4 47. Nxg4 Bg7 48. e4 dxe4 49. Ke3 Kb3 50. Nf2 a4 51. Nxe4 Kc2 52. Nc5 a3
53. Nd3 Bc3 0-1

[Event "NK senioren en veteranen 2015"]
[Site "Oosterbeek, Netherlands"]
[Date "2015.07.07"]
[Round "4"]
[White "Lootsma, Jan"]
[Black "Landsbergen, Ron"]
[Result "0-1"]
[WhiteElo "1986"]
[BlackElo "1963"]
[PlyCount "58"]
[EventDate "2015.??.??"]

1. e4 e5 2. Nf3 Nc6 3. Bc4 Nf6 4. Qe2 Bc5 5. c3 d6 6. b4 Bb6 7. a4 a5 8. b5 Ne7
9. d4 Ng6 10. dxe5 dxe5 11. O-O Qe7 12. Ba3 Bc5 13. Bxf7+ Qxf7 14. Bxc5 Nf4 15.
Qc2 Qh5 16. Nbd2 Bh3 17. g3 Bxf1 18. Rxf1 Ne6 19. Ba3 O-O-O 20. Qb3 Rhe8 21. b6
c6 22. Kg2 Qg4 23. Qc4 Rd7 24. Kh1 Qh5 25. Re1 Ng4 26. Re2 Qh3 27. Kg1 Ng5 28.
Qc5 Rxd2 29. Nxd2 Qxh2+ 0-1

[Event "NK senioren en veteranen 2015"]
[Site "Oosterbeek, Netherlands"]
[Date "2015.07.07"]
[Round "4"]
[White "Fassaert, Désiré"]
[Black "Mostertman, Loek"]
[Result "1/2-1/2"]
[WhiteElo "1910"]
[BlackElo "1945"]
[PlyCount "40"]
[EventDate "2015.??.??"]

1. Nf3 c5 2. c4 Nc6 3. d4 cxd4 4. Nxd4 Nf6 5. Nc3 e6 6. Ndb5 Bb4 7. a3 Bxc3+ 8.
Nxc3 d5 9. e3 O-O 10. cxd5 exd5 11. Be2 Be6 12. O-O Qd7 13. Nb5 Rac8 14. b3 Ne4
15. Bb2 f6 16. Rc1 a6 17. Nd4 Nxd4 18. Qxd4 Rxc1 19. Rxc1 Rc8 20. Qd1 Kf7
1/2-1/2

[Event "NK senioren en veteranen 2015"]
[Site "Oosterbeek, Netherlands"]
[Date "2015.07.08"]
[Round "5"]
[White "Van Leeuwen, Etienne"]
[Black "Van den Berg, Ad"]
[Result "1/2-1/2"]
[WhiteElo "2032"]
[BlackElo "2199"]
[PlyCount "46"]
[EventDate "2015.??.??"]

1. e4 c5 2. Nf3 Nc6 3. d4 cxd4 4. Nxd4 Nf6 5. Nc3 d6 6. Bc4 Qb6 7. Nb3 e6 8.
O-O a6 9. Bd3 Be7 10. Be3 Qc7 11. f4 b5 12. Qf3 h5 13. Kh1 b4 14. Ne2 e5 15.
Rac1 Qb7 16. Bg1 a5 17. Bc4 a4 18. Nd2 exf4 19. Qxf4 Ne5 20. Nd4 h4 21. h3 Nxc4
22. Nxc4 Qxe4 23. Rce1 Qxf4 1/2-1/2

[Event "NK senioren en veteranen 2015"]
[Site "Oosterbeek, Netherlands"]
[Date "2015.07.08"]
[Round "5"]
[White "Homs, Guust"]
[Black "Boersma, Jan"]
[Result "1/2-1/2"]
[WhiteElo "2188"]
[BlackElo "2145"]
[PlyCount "189"]
[EventDate "2015.??.??"]

1. e4 c5 2. c3 g6 3. d4 cxd4 4. cxd4 Nf6 5. e5 Nd5 6. Nc3 Nxc3 7. bxc3 Bg7 8.
f4 O-O 9. Nf3 d6 10. Bd3 Qc7 11. Bd2 Be6 12. Qe2 Rc8 13. exd6 exd6 14. O-O Bc4
15. f5 Nd7 16. Bxc4 Qxc4 17. Qe7 Nf6 18. fxg6 hxg6 19. Qxd6 Rd8 20. Qf4 Nd5 21.
Qxf7+ Kxf7 22. Ne5+ Kg8 23. Nxc4 Rac8 24. Ne5 Nxc3 25. Nxg6 Bxd4+ 26. Kh1 Ne4
27. Ne7+ Kh8 28. Nxc8 Nxd2 29. Ne7 Nxf1 30. Rxf1 Bc5 31. Ng6+ Kg7 32. Nf4 Rd6
33. g4 b5 34. h4 a5 35. Nh5+ Kg6 36. Rf5 Rd1+ 37. Kg2 Rd2+ 38. Kf1 Bd6 39. Rxb5
Rxa2 40. Rb6 Rd2 41. Ra6 Rd4 42. Ng3 Kf7 43. Nf5 Rf4+ 44. Ke2 Bb4 45. h5 Bf8
46. Ne3 Bc5 47. Nf5 Bf8 48. Rxa5 Rxg4 49. Kf3 Rb4 50. Ra6 Kg8 51. Ra8 Kf7 52.
h6 Bxh6 53. Nxh6+ Ke6 54. Ng4 Rb3+ 55. Ne3 Rb4 56. Ra6+ Kf7 57. Ng4 Ke7 58. Nf2
Kd7 59. Ne4 Rb1 60. Kf4 Rf1+ 61. Ke5 Re1 62. Rh6 Kc7 63. Kd4 Rd1+ 64. Kc4 Rc1+
65. Nc3 Kd7 66. Kd4 Ke7 67. Ne4 Kd7 68. Nc5+ Ke7 69. Rc6 Rh1 70. Nd3 Rd1 71.
Ke4 Ra1 72. Ke5 Kf7 73. Rc7+ Kg6 74. Nf4+ Kg5 75. Rg7+ Kh4 76. Nd3 Ra3 77. Kf4
Ra4+ 78. Kf3 Ra3 79. Kf4 Ra4+ 80. Kf5 Ra3 81. Rg4+ Kh3 82. Nf4+ Kh2 83. Rg2+
Kh1 84. Rd2 Kg1 85. Kg4 Kf1 86. Nd3 Ra8 87. Rf2+ Kg1 88. Rd2 Rg8+ 89. Kf3 Rg7
90. Nf4 Rf7 91. Rg2+ Kf1 92. Rg5 Rf8 93. Rb5 Ke1 94. Rb2 Kd1 95. Ke3 1/2-1/2

[Event "NK senioren en veteranen 2015"]
[Site "Oosterbeek, Netherlands"]
[Date "2015.07.08"]
[Round "5"]
[White "Vogel, Jaap"]
[Black "Reulink, Fred"]
[Result "1-0"]
[WhiteElo "2173"]
[BlackElo "2025"]
[PlyCount "63"]
[EventDate "2015.??.??"]

1. d4 Nf6 2. Nf3 e6 3. c4 c5 4. Nc3 cxd4 5. Nxd4 Nc6 6. e3 a6 7. Be2 Be7 8. O-O
O-O 9. b3 d6 10. Bb2 Bd7 11. f4 Nxd4 12. exd4 d5 13. c5 b6 14. b4 a5 15. a3
axb4 16. axb4 bxc5 17. bxc5 Bc6 18. f5 e5 19. dxe5 Bxc5+ 20. Kh1 Ne4 21. Nxe4
dxe4 22. Qc2 Rxa1 23. Bxa1 Qb6 24. Rb1 Qa7 25. Rc1 Rb8 26. e6 Qa3 27. exf7+ Kf8
28. Be5 Ba4 29. Qc4 Bb5 30. Qxc5+ Qxc5 31. Rxc5 Bxe2 32. Bxb8 1-0

[Event "NK senioren en veteranen 2015"]
[Site "Oosterbeek, Netherlands"]
[Date "2015.07.08"]
[Round "5"]
[White "Hoynck van Papendrecht, Fr"]
[Black "Jonkman, Fokke"]
[Result "1-0"]
[WhiteElo "2011"]
[BlackElo "2088"]
[PlyCount "71"]
[EventDate "2015.??.??"]

1. e4 c5 2. b3 Nc6 3. Bb2 e5 4. Bc4 d6 5. Ne2 Nf6 6. d3 Be7 7. O-O O-O 8. Nbc3
Be6 9. f4 Ng4 10. Qd2 Bxc4 11. dxc4 Nd4 12. h3 Nf6 13. Qd3 Nd7 14. f5 Nf6 15.
Ng3 g6 16. Nce2 Ne8 17. Rad1 Bf6 18. Bc1 Bg5 19. c3 Nxe2+ 20. Qxe2 Bxc1 21.
Rxc1 Nf6 22. Rcd1 Qe7 23. Qd2 Rad8 24. Qg5 Kh8 25. Rf3 Rd7 26. fxg6 fxg6 27.
Rdf1 Qd8 28. Rxf6 Rdf7 29. Rxf7 Qxg5 30. Rxf8+ Kg7 31. R1f7+ Kh6 32. Kh2 Qe3
33. h4 Qxc3 34. Rh8 g5 35. Rhxh7+ Kg6 36. h5# 1-0

[Event "NK senioren en veteranen 2015"]
[Site "Oosterbeek, Netherlands"]
[Date "2015.07.08"]
[Round "5"]
[White "Stap, Kees"]
[Black "Selten, Jan"]
[Result "1/2-1/2"]
[WhiteElo "2132"]
[BlackElo "2109"]
[PlyCount "42"]
[EventDate "2015.??.??"]

1. c4 e5 2. g3 Nf6 3. Bg2 c6 4. d4 exd4 5. Qxd4 Na6 6. Nc3 Bc5 7. Qe5+ Qe7 8.
Qxe7+ Kxe7 9. Nf3 d6 10. O-O Be6 11. b3 Bb4 12. Bb2 Nc5 13. Nd4 a5 14. Nxe6
fxe6 15. Rab1 a4 16. Nxa4 Nxa4 17. bxa4 Rxa4 18. a3 Bc5 19. Bxf6+ Kxf6 20. Rxb7
Rxc4 21. Bxc6 Bxa3 1/2-1/2

[Event "NK senioren en veteranen 2015"]
[Site "Oosterbeek, Netherlands"]
[Date "2015.07.08"]
[Round "5"]
[White "Pluymert, Piet"]
[Black "Pols, Leendert"]
[Result "1/2-1/2"]
[WhiteElo "1975"]
[BlackElo "1963"]
[PlyCount "115"]
[EventDate "2015.??.??"]

1. c4 Nf6 2. Nc3 d5 3. cxd5 Nxd5 4. g3 Nxc3 5. bxc3 g6 6. Bg2 Bg7 7. Rb1 c6 8.
Qc2 O-O 9. d3 e5 10. Nf3 Qc7 11. O-O Nd7 12. Ba3 Re8 13. Ng5 Nf6 14. Qb3 h6 15.
Nf3 b6 16. c4 Be6 17. Nd2 Rad8 18. Qc2 Qd7 19. Rfe1 c5 20. Bb2 Bh3 21. Bh1 Qc7
22. Rbd1 Re7 23. Nb1 Bd7 24. Nc3 Bc6 25. Bxc6 Qxc6 26. e4 Ree8 27. Qe2 Qd7 28.
Kg2 Nh7 29. Nd5 Nf6 30. Ne3 h5 31. Rf1 Ng4 32. Nd5 Nf6 33. Nc3 Re6 34. Bc1 Rde8
35. h3 Rd6 36. Bg5 Nh7 37. h4 Nf8 38. Nd5 f6 39. Be3 Ne6 40. f4 Nc7 41. f5 Nxd5
42. cxd5 gxf5 43. Rxf5 Rxd5 44. Qxh5 Rd6 45. Qg4 Rxd3 46. Rxd3 Qxd3 47. h5 Qxe3
48. Rxf6 Qd2+ 49. Kh3 Qc1 50. Qg6 Qh1+ 51. Kg4 Re7 52. Rd6 Rf7 53. Rd8+ Rf8 54.
Qe6+ Kh8 55. Rxf8+ Bxf8 56. Qxe5+ Bg7 57. Qe8+ Kh7 58. Qg6+ 1/2-1/2

[Event "NK senioren en veteranen 2015"]
[Site "Oosterbeek, Netherlands"]
[Date "2015.07.08"]
[Round "5"]
[White "Schouten, Nico"]
[Black "Taal, Anne Paul"]
[Result "1-0"]
[WhiteElo "2143"]
[BlackElo "1913"]
[PlyCount "75"]
[EventDate "2015.??.??"]

1. d4 d5 2. c4 c6 3. Nc3 Nf6 4. Nf3 e6 5. e3 Nbd7 6. Be2 b6 7. O-O Bd6 8. Qc2
Bb7 9. b3 O-O 10. Bb2 Rc8 11. e4 Nxe4 12. Nxe4 dxe4 13. Qxe4 Nf6 14. Qc2 Qe7
15. Bd3 h6 16. Rfe1 Nh5 17. g3 Qc7 18. c5 Be7 19. Rac1 Nf6 20. Qe2 Nd5 21. a3
b5 22. Ne5 Bf6 23. h4 Rce8 24. Qe4 g6 25. h5 Bxe5 26. dxe5 Ne7 27. Rcd1 Kg7 28.
Bc1 Rh8 29. Bc2 Rhf8 30. Qh4 Ng8 31. Rd6 Qe7 32. Qg4 g5 33. Qe4 f5 34. exf6+
Nxf6 35. Qg6+ Kh8 36. Qxh6+ Kg8 37. Qxg5+ Qg7 38. Bg6 1-0

[Event "NK senioren en veteranen 2015"]
[Site "Oosterbeek, Netherlands"]
[Date "2015.07.08"]
[Round "5"]
[White "Erwich, Frans"]
[Black "Hoogland, Dirk"]
[Result "0-1"]
[WhiteElo "1949"]
[BlackElo "2110"]
[PlyCount "75"]
[EventDate "2015.??.??"]

1. d4 Nf6 2. c4 c5 3. d5 b5 4. cxb5 a6 5. bxa6 Bxa6 6. Nc3 d6 7. e4 Bxf1 8.
Kxf1 Nbd7 9. g3 g6 10. Kg2 Bg7 11. Nf3 O-O 12. a4 Qb6 13. Qe2 Rfb8 14. Bd2 Ne8
15. Rhb1 Nc7 16. b3 Rb7 17. Ra2 Rab8 18. Qd1 Qa6 19. Qc2 e6 20. dxe6 fxe6 21.
Bf4 Qc6 22. Kg1 Na6 23. Rab2 Rf8 24. Ng5 Nb4 25. Qd2 d5 26. exd5 exd5 27. Re1
Qf6 28. Nd1 Rb6 29. Rb1 h6 30. Ne4 Qf5 31. a5 Re6 32. Ne3 Qxe4 33. Nxd5 Qf5 34.
Ne3 Qf7 35. Red1 Bd4 36. Bxh6 Rfe8 37. Bg5 Ne5 38. Ng4 0-1

[Event "NK senioren en veteranen 2015"]
[Site "Oosterbeek, Netherlands"]
[Date "2015.07.08"]
[Round "5"]
[White "Etmans, Maarten"]
[Black "Holscher, Peter"]
[Result "0-1"]
[WhiteElo "1987"]
[BlackElo "1979"]
[PlyCount "82"]
[EventDate "2015.??.??"]

1. e4 e6 2. d4 d5 3. Nc3 Bb4 4. exd5 exd5 5. Bd3 Ne7 6. Qh5 Nbc6 7. Nge2 Be6 8.
O-O Qd7 9. h3 O-O-O 10. a3 Ba5 11. Be3 Nf5 12. b4 Bb6 13. Bb5 g6 14. Qg5 h6 15.
Qf6 Qe7 16. Qxe7 Ncxe7 17. Bd3 c6 18. Na4 Bc7 19. Nc5 Nxe3 20. Nxe6 fxe6 21.
fxe3 Rhf8 22. Rxf8 Rxf8 23. e4 e5 24. Rf1 Rxf1+ 25. Kxf1 g5 26. c4 dxc4 27.
Bxc4 Kd7 28. Ke1 Kd6 29. Kd2 exd4 30. Nxd4 Ke5 31. Kd3 Bb6 32. Ne2 Nc8 33. Bg8
Nd6 34. Bh7 Bf2 35. Nc1 b5 36. Ke2 Bd4 37. Kf3 Nc4 38. Nd3+ Kf6 39. Bf5 Ke7 40.
e5 Bxe5 41. Nxe5 Nxe5+ 0-1

[Event "NK senioren en veteranen 2015"]
[Site "Oosterbeek, Netherlands"]
[Date "2015.07.08"]
[Round "5"]
[White "Van Oosten, Arend"]
[Black "Houweling, Bert"]
[Result "0-1"]
[WhiteElo "2154"]
[BlackElo "2045"]
[PlyCount "98"]
[EventDate "2015.??.??"]

1. e4 c5 2. Nc3 Nc6 3. g3 g6 4. Bg2 Bg7 5. d3 d6 6. Be3 e6 7. Qd2 Nd4 8. Nd1
Rb8 9. c3 Nc6 10. Ne2 Qa5 11. O-O Bd7 12. f4 Nge7 13. Nf2 O-O 14. g4 f5 15.
gxf5 gxf5 16. Ng3 d5 17. Qe1 d4 18. Bd2 Qc7 19. e5 Ng6 20. Nh3 h6 21. Nh5 Rf7
22. Kh1 Nce7 23. cxd4 cxd4 24. Rc1 Bc6 25. Bxc6 bxc6 26. b4 Qb7 27. Kg1 Nd5 28.
Rc4 Bf8 29. a3 Kh7 30. Qf2 Qb6 31. Rfc1 Qa6 32. Qxd4 Qxa3 33. Nf6+ Kh8 34. Nxd5
cxd5 35. Rc7 Rb7 36. Rxf7 Rxf7 37. Rc6 Qa4 38. Rc1 Rb7 39. Kf1 a5 40. Ke2 axb4
41. Ra1 Qb5 42. Qg1 Rg7 43. Ra8 Nxf4+ 44. Nxf4 Rxg1 45. Rxf8+ Rg8 46. Rf6 Kh7
47. Nxe6 Rg2+ 48. Ke1 Qxd3 49. Rf7+ Kh8 0-1

[Event "NK senioren en veteranen 2015"]
[Site "Oosterbeek, Netherlands"]
[Date "2015.07.08"]
[Round "5"]
[White "Landsbergen, Ron"]
[Black "Van Duijn, Roel"]
[Result "0-1"]
[WhiteElo "1963"]
[BlackElo "2094"]
[PlyCount "74"]
[EventDate "2015.??.??"]

1. e4 e6 2. d3 d5 3. Nd2 Nf6 4. Ngf3 Bc5 5. e5 Nfd7 6. d4 Bb6 7. Bd3 c5 8. c3
Nc6 9. dxc5 Nxc5 10. Nb3 Nxd3+ 11. Qxd3 f6 12. exf6 Qxf6 13. Bg5 Qf7 14. Be3
Bc7 15. O-O-O O-O 16. Ng5 Qh5 17. f4 Bxf4 18. Bxf4 Rxf4 19. Nf3 b6 20. Rde1 Bd7
21. Nbd4 Nxd4 22. Nxd4 Rf6 23. Nf3 Raf8 24. Re2 Be8 25. Rhe1 Bg6 26. Qd4 Qf5
27. Kd2 Qc2+ 28. Ke3 Qf5 29. Kf2 Bh5 30. Re3 g5 31. Re5 Qg6 32. Kg1 Bxf3 33.
gxf3 Rxf3 34. Rxe6 Qf5 35. Qd1 Qg4+ 36. Kh1 Qh3 37. Kg1 Rf2 0-1

[Event "NK senioren en veteranen 2015"]
[Site "Oosterbeek, Netherlands"]
[Date "2015.07.08"]
[Round "5"]
[White "Perrenet, Jacob"]
[Black "Goossen, Theo"]
[Result "0-1"]
[WhiteElo "2049"]
[BlackElo "1962"]
[PlyCount "78"]
[EventDate "2015.??.??"]

1. Nc3 c5 2. d4 cxd4 3. Qxd4 Nc6 4. Qh4 d5 5. e4 d4 6. Nd5 Nf6 7. Bc4 Be6 8.
Ne2 Nxd5 9. exd5 Bxd5 10. Bxd5 Qxd5 11. O-O e5 12. Ng3 Be7 13. Qg4 g6 14. Bh6
f5 15. Qe2 O-O-O 16. Rfd1 Rhg8 17. a3 Qe6 18. Bd2 h5 19. Bb4 h4 20. Nf1 Bf6 21.
Nd2 h3 22. g3 a5 23. Nc4 axb4 24. axb4 Kc7 25. b5 Qd5 26. b6+ Kd7 27. Ne3 Qc5
28. c3 Ke7 29. b4 Qxb6 30. Nc4 Qb5 31. Qa2 Qd5 32. f3 Ra8 33. Qe2 Rxa1 34. Rxa1
d3 35. Qa2 Rd8 36. b5 d2 37. Rd1 Qxf3 38. Rxd2 Qxc3 39. bxc6 Rxd2 0-1

[Event "NK senioren en veteranen 2015"]
[Site "Oosterbeek, Netherlands"]
[Date "2015.07.08"]
[Round "5"]
[White "Fassaert, Désiré"]
[Black "Lootsma, Jan"]
[Result "1-0"]
[WhiteElo "1910"]
[BlackElo "1986"]
[PlyCount "151"]
[EventDate "2015.??.??"]

1. Nf3 e6 2. c4 d5 3. e3 Nf6 4. d4 Be7 5. Nc3 a6 6. Be2 O-O 7. O-O dxc4 8. Bxc4
b5 9. Bd3 Bb7 10. a3 Nbd7 11. b4 Nb6 12. Ne5 Nbd5 13. Bd2 g6 14. Rc1 Bd6 15.
Nf3 Re8 16. Qe2 e5 17. Nxd5 Bxd5 18. dxe5 Bxf3 19. Qxf3 Bxe5 20. Bc3 Bxc3 21.
Rxc3 Nd5 22. Rb3 Nb6 23. Rd1 Qe7 24. Be2 c5 25. bxc5 Qxc5 26. Rbd3 Qc7 27. Qf6
Rab8 28. Rd6 Rf8 29. Rc6 Qa7 30. Rdc1 Nd5 31. Qe5 Rbd8 32. Bf3 Rfe8 33. Qg5 Ne7
34. Rc7 Rc8 35. Qe5 Rxc7 36. Rxc7 Qb8 37. Qc5 Nf5 38. Bd5 Nh6 39. g4 Qd8 40. h3
Qf6 41. Rc6 Qe5 42. Rxa6 Rd8 43. e4 Kg7 44. Ra7 Rf8 45. Qxb5 Rb8 46. Rb7 Rc8
47. Qb2 Qxb2 48. Rxb2 f5 49. g5 Ng8 50. Rb7+ Kh8 51. exf5 gxf5 52. Be6 Rf8 53.
f4 Re8 54. Bxf5 Ne7 55. Bd7 Rf8 56. Be6 Ng6 57. f5 Nh4 58. Rb3 Kg7 59. Kf2 Nxf5
60. Rf3 Nd4 61. Rxf8 Kxf8 62. Bd5 Kg7 63. Be4 h6 64. h4 Ne6 65. g6 Kf6 66. Kg3
h5 67. Bc2 Nc5 68. Kf4 Ne6+ 69. Ke3 Ke5 70. Bb3 Ng7 71. Bf7 Kf6 72. a4 Nf5+ 73.
Kf4 Nxh4 74. a5 Nf5 75. a6 Nd4 76. a7 1-0

[Event "NK senioren en veteranen 2015"]
[Site "Oosterbeek, Netherlands"]
[Date "2015.07.09"]
[Round "6"]
[White "Van den Berg, Ad"]
[Black "Hoynck van Papendrecht, Fr"]
[Result "1-0"]
[WhiteElo "2199"]
[BlackElo "2011"]
[PlyCount "107"]
[EventDate "2015.??.??"]

1. c4 f5 2. b3 Nf6 3. Bb2 e6 4. g3 Be7 5. Bg2 O-O 6. d3 d6 7. e4 e5 8. exf5 c6
9. g4 a5 10. Nc3 Na6 11. h3 Qe8 12. Nge2 h5 13. Ng3 Nc5 14. Nge4 g6 15. Nxc5
dxc5 16. g5 Nh7 17. f6 Bd8 18. h4 Bc7 19. Ne4 Rf7 20. a4 Nf8 21. Nxc5 b6 22.
Ne4 Ne6 23. Bc1 Bb7 24. Be3 Rd8 25. Qe2 Kh8 26. Bf3 Rfd7 27. Rd1 Rh7 28. Ng3
Bd6 29. O-O c5 30. Bxb7 Rxb7 31. Qf3 Rbd7 32. Ne4 Bc7 33. Nc3 Rd4 34. Bxd4 Nxd4
35. Qe4 Nf5 36. Nd5 Bb8 37. Rfe1 Qe6 38. Nf4 Qf7 39. Nd5 Qe6 40. Re3 Nxe3 41.
fxe3 Kh7 42. Rf1 Rf8 43. Ne7 Qf7 44. Rf2 Bd6 45. Nd5 Bc7 46. Kg2 Qd7 47. f7 Bd8
48. Qxe5 Rxf7 49. Rxf7+ Qxf7 50. Nf4 Bc7 51. Qe6 Qg7 52. Nd5 Qb2+ 53. Kf3 Be5
54. Qf7+ 1-0

[Event "NK senioren en veteranen 2015"]
[Site "Oosterbeek, Netherlands"]
[Date "2015.07.09"]
[Round "6"]
[White "Boersma, Jan"]
[Black "Vogel, Jaap"]
[Result "0-1"]
[WhiteElo "2145"]
[BlackElo "2173"]
[PlyCount "37"]
[EventDate "2015.??.??"]

1. e4 e6 2. d4 d5 3. Nc3 Bb4 4. Nge2 dxe4 5. a3 Be7 6. Nxe4 Nd7 7. Bf4 Ngf6 8.
N2c3 Nxe4 9. Nxe4 Nf6 10. Qd3 Bd7 11. O-O-O Nxe4 12. Qxe4 Bc6 13. Qe3 Bf6 14.
d5 Bxd5 15. c4 O-O 16. cxd5 exd5 17. Bd3 c5 18. Be5 Re8 19. f4 0-1

[Event "NK senioren en veteranen 2015"]
[Site "Oosterbeek, Netherlands"]
[Date "2015.07.09"]
[Round "6"]
[White "Van Leeuwen, Etienne"]
[Black "Homs, Guust"]
[Result "1/2-1/2"]
[WhiteElo "2032"]
[BlackElo "2188"]
[PlyCount "40"]
[EventDate "2015.??.??"]

1. e4 e5 2. Nf3 Nc6 3. d4 exd4 4. Bc4 Nf6 5. e5 d5 6. Bb5 Ne4 7. Nxd4 Bc5 8.
Be3 Bd7 9. Bxc6 bxc6 10. O-O Qe7 11. f4 O-O 12. Nd2 Nxd2 13. Qxd2 f6 14. Nf3
Bf5 15. c3 Bb6 16. Bxb6 cxb6 17. Rae1 Be4 18. exf6 Qxf6 19. g3 Rae8 20. Ng5 Bf5
1/2-1/2